00323nam a2200121Ia 4500008004100000082001000041100001900051245002700070260004300097300000700140630002700147730002700174100204s9999 xx 000 0 und d b20600 aSOUGHGATE VERA aTHE MAGIC PORRIDGE POT b"LADY BIRD BOOKS , LOUGHBOROUGH"c1971 a51 aTHE MAGIC PORRIDGE POT aTHE MAGIC PORRIDGE POT